| 000 | 00454nam a22001697a 4500 | ||
|---|---|---|---|
| 003 | CEME | ||
| 005 | 20210628203518.0 | ||
| 008 | 210316b xxu||||| |||| 00| 0 eng d | ||
| 020 | _a1-56347-077-2 | ||
| 040 | _c. | ||
| 082 | _a629.1 ZAR'T | ||
| 100 |
_aZarchan, Paul _965925 |
||
| 245 | _aTactical and strategic missile guidance , progress in astronautics and aeronautics | ||
| 260 |
_aUSA _bAIAA _c1994 |
||
| 300 | _a452P, VOL-157 | ||
| 942 |
_cBK _2ddc |
||
| 999 |
_c573997 _d573997 |
||